Pablo Neruda (Record no. 6104)

MARC details
000 -LEADER
campo de control de longitud fija 01053nam a2200289 i 4500
001 - NÚMERO DE CONTROL
campo de control 6104
003 - IDENTIFICADOR DE NÚMERO DE CONTROL
campo de control ES-MaACL
005 - FECHA Y HORA DE LA ÚLTIMA TRANSACCIÓN
campo de control 20230906144811.0
007 - CAMPO FIJO DE DESCRIPCIÓN FÍSICA--INFORMACIÓN GENERAL
campo de control de longitud fija t|
008 - DATOS DE LONGITUD FIJA--INFORMACIÓN GENERAL
campo de control de longitud fija 890711s1988 xxu b ||||1| eng d
020 ## - NÚMERO INTERNACIONAL ESTÁNDAR DEL LIBRO
Número Internacional Estándar del Libro 0-8240-8732-1
080 ## - NÚMERO DE LA CLASIFICACIÓN DECIMAL UNIVERSAL
Número de la Clasificación Decimal Universal 86.0(83)(Neruda,P.):012
080 ## - NÚMERO DE LA CLASIFICACIÓN DECIMAL UNIVERSAL
Número de la Clasificación Decimal Universal 012 Neruda,P.
100 1# - ENTRADA PRINCIPAL--NOMBRE DE PERSONA
Nombre de persona Woodbridge, Hensley Charles.
9 (RLIN) 117323
245 10 - MENCIÓN DEL TÍTULO
Título Pablo Neruda
Resto del título : an annotated bibliography of biographical and critical studies /
Mención de responsabilidad, etc. Hensley C. Woodbridge and David S. Zubatsky.
260 ## - PUBLICACIÓN, DISTRIBUCIÓN, ETC.
Lugar de publicación, distribución, etc. New York ;
-- London :
Nombre del editor, distribuidor, etc. Garland,
Fecha de publicación, distribución, etc. 1988.
300 ## - DESCRIPCIÓN FÍSICA
Extensión XVIII, 629 p. ;
Dimensiones 22 cm.
490 1# - MENCIÓN DE SERIE
Mención de serie Garland reference library of the humanities ;
Designación de volumen o secuencia 593
500 ## - NOTA GENERAL
Nota general Indices.
600 14 - PUNTO DE ACCESO ADICIONAL DE MATERIA--NOMBRE DE PERSONA
Nombre de persona Neruda, Pablo,
Fechas asociadas al nombre 1904-1973-
Subdivisión general Crítica e interpretación
9 (RLIN) 85399
600 14 - PUNTO DE ACCESO ADICIONAL DE MATERIA--NOMBRE DE PERSONA
Nombre de persona Neruda, Pablo,
Fechas asociadas al nombre 1904-1973
Subdivisión de forma Biobibliografias
9 (RLIN) 85398
700 1# - ENTRADA AGREGADA--NOMBRE PERSONAL
Nombre de persona Zubatsky, David.
9 (RLIN) 118389
830 0# - PUNTO DE ACCESO ADICIONAL DE SERIE-TÍTULO UNIFORME
Título uniforme Garland reference library of the humanities ;
Designación de volumen o secuencia 593
9 (RLIN) 182051
852 ## - LOCALIZACIÓN
Ubicación ES-MaACL
Número de control de estantería L-13179
Sublocalización o colección R.116364
Nota libre . - tela
942 ## - ELEMENTOS DE ENTRADA SECUNDARIOS (KOHA)
Fuente del sistema de clasificación o colocación Clasificación decimal universal
Holdings
Estatus retirado Estado de pérdida Estado de daño No para préstamo Biblioteca de origen Biblioteca actual Ubicación en estantería Fecha de adquisición Fuente de adquisición Total de préstamos Signatura topográfica completa Código de barras Visto por última vez Precio de reemplazo Tipo de ítem Koha
        Biblioteca del Ateneo de Madrid Biblioteca del Ateneo de Madrid Depósito 2 17/01/2008     L-13179 1006210 23/02/2023 23/02/2023 Libro impreso